Wydarzenia II Wojny Światowej - Statystyki

Ogólne statystyki
  • Ten quiz został rozwiązany 98 razy
  • Średni wynik to 17 z 33
Statystyki odpowiedzi
Opis Odpowiedź % Poprawnych
Rozwiń skrót AK Armia Krajowa
87%
Nagasaki
81%
Szwajcaria
81%
Nazwy dwóch miast które padły ofiara bomb atomowych Hiroszima
76%
Nazwa Operacji ataku III Rzeszy na ZSRR bądź ZSRS Operacja Barbarossa
76%
Nazwa bazy Amerykańskiej na Hawajach,którapadła ofiarą Japońskiego ataku Pearl Harbor
76%
Bitwa rozegrana prawie w całościw powietrzu Bitwa o Anglię
74%
Portugalia
74%
Szwecja
74%
Hiszpania
73%
Nazwy podzielonych Niemiec NRD
70%
Kraj,który wygrał wyścig do Berlina ZSRR/ZSRS
70%
RFN
69%
Nazwa Niemieckiej Taktyki tzw.Wojny Błyskawicznej Blitzkrieg
68%
Państwo w którym znajdowała się wspomniana plaża Francja
68%
Nazwa Góry na której umieszczony był średniowieczny klasztorzdobyty przez polaków w 1944. Monte Cassino
64%
Potoczna nazwa Rosyjskiej armii Armia Czerwona
62%
Irlandia
56%
Nazwa miejscowości w której Niemcyprzyszpilili Francuzów i Brytyjczyków. Na podstawie tych wydarzeń został również stworzony film w reżyserii Christophera Nolana Dunkierka
54%
Nazwy dwóch bomb atomowych zrzuconych przez USA na Japonię little boy
54%
Nazwa Plaży na której rozegrał się D-day Plaża Omaha
39%
Data wybuchu Powstania Warszawskiego ( dzień, miesiąc,rok ) 1.08.1944
38%
Nazwa statku, który ostrzelałWesterplatte 1.09.1939 Schleswig-Holstein
38%
Wszystkie Europejskie państwa, które podczas wojny były neutralne Watykan
38%
Fat Man
32%
Oficjalna data zakończenia wojny w EUROPIE ( Dzień, miesiąc, rok) 08.05.1945
29%
Nazwa najgroźniejszej klasy pancerników Niemieckich Bismarck
26%
Polska nazwa obozu zagłady Auschwitz-Birkenau Oświęcim-Brzezinka
24%
Nazwa operacji odbijania Francji przez Aliantów Operacja Overlord
23%
Oficjalna data zakończenia wojny na świecie ( dzień, miesiąc, rok ) 02.09.1945
18%
Nazwa Miejscowości której rozegrała się największa w historiiludzkości bitwa pancerna ( Jak dotychczas ) Prochorowka
13%
Nazwa bitwy, która przeważyła o tym że Niemcynie mieli broni atomowej Bitwa o Ciężką wodę
8%
Nazwa najsławniejszego Amerykańskiego PancernikaII Wojny Światowej,który dziś jest dostępny jako muzeum USS Missouri
4%
Nie znaleziono quizów pasujących do podanych kryteriów
Rozkład punktacji
Procent ludzi z każdym wynikiem
Percentyl według liczby udzielonych odpowiedzi
Twoja historia wyników
Nie rozwiązałeś tego quizu